Glosár obchodné rokovania vo francúzskom jazyku

Gespeichert in:
Bibliographische Detailangaben
1. Verfasser: Lapšanský, Ladislav
Körperschaft: Ekonomická univerzita v Bratislave. Fakulta aplikovaných jazykov
Weitere Verfasser: Povchanič, Štefan, Lenghardt, Miroslav
Format: Buch
Sprache:Slowakisch
Französisch
Veröffentlicht: Bratislava Vydavateľstvo EKONÓM 2015
Ausgabe:1. vyd.
Schlagworte:
Tags: Tag hinzufügen
Keine Tags, Fügen Sie das erste Tag hinzu!

MARC

LEADER 00000nam a2200000 4500
001 0200504
005 20240502073405.7
020 |a 978-80-225-4073-5 
041 0 |a slo 
041 0 |a fre 
044 |a SK 
245 1 0 |a Glosár obchodné rokovania vo francúzskom jazyku  |c Ladislav Lapšanský ; recenzenti: Štefan Povchanič, Miroslav Lenghardt 
250 |a 1. vyd. 
264 1 |a Bratislava  |b Vydavateľstvo EKONÓM  |c 2015 
300 |a 100 s. [3,23 AH] 
610 2 0 |a francúzština 
610 2 0 |a rokovania obchodné 
610 2 0 |a zásoba slovná 
100 1 |a Lapšanský, Ladislav 
700 1 |a Povchanič, Štefan 
700 1 |a Lenghardt, Miroslav 
710 2 |a Ekonomická univerzita v Bratislave. Fakulta aplikovaných jazykov